English Football Clubs by Date of Foundation: 1860-1879 - Statistics

General Stats
  • This quiz has been taken 6 times
  • The average score is 9 of 23
Answer Stats
Founding Date Current Division Club % Correct
1878 Premier League Everton
80%
1878 Premier League Manchester United
80%
1874 Premier League Aston Villa
60%
1875 Championship Birmingham
60%
1862 League Two Notts County
60%
1867 Championship Sheffield Wednesday
60%
1875 Championship Blackburn
40%
1874 League One Bolton
40%
1879 Premier League Fulham
40%
1878 Championship Ipswich
40%
1876 Championship Middlesbrough
40%
1865 Premier League Nottingham Forest
40%
1863 Championship Stoke
40%
1879 Premier League Sunderland
40%
1879 Championship West Brom
40%
1877 Premier League Wolves
40%
1864 Championship Wrexham
40%
1878 League Two Doncaster
20%
1870 National League South Maidenhead
20%
1871 League One Reading
20%
1879 League Two Swindon
20%
1877 National League North Buxton
0%
1877 League Two Crewe
0%
No matching quizzes found
Score Distribution
Percent of People with Each Score
Percentile by Number Answered
Your Score History
You have not taken this quiz